| 000 | 00499nam a2200169Ia 4500 | ||
|---|---|---|---|
| 003 | GCL | ||
| 008 | 140319s9999 xx 000 0 ara d | ||
| 040 |
_aGCL / _cGCL |
||
| 082 | 0 | 4 |
_a615.8 _bهـ ج |
| 100 | 1 | _aكولين هاملتون | |
| 245 | 1 | 0 |
_aجسمنا وكيف نحافظ على نشاطة / _cكولين هاملتون |
| 260 |
_a[S.N] : _bالدار العربية للعلوم ، _c1992 |
||
| 300 | _a126 ص | ||
| 490 | _a | ||
| 650 | 0 | 4 | _aالطب الرياضى |
| 942 |
_2ddc _cBK |
||
| 999 |
_c37669 _d37669 |
||